| 000 | 00855nam a22002297a 4500 | ||
|---|---|---|---|
| 003 | BJBSDDR | ||
| 005 | 20260423090728.0 | ||
| 007 | ta | ||
| 008 | 260423s2025 nyu||||| |||| 00| 0 eng d | ||
| 020 | _a9781982158606 | ||
| 020 | _a1982158603 | ||
| 040 |
_bspa _cNew York |
||
| 041 | _aeng | ||
| 050 | _bSe438 2025 | ||
| 100 | 1 |
_aSeal, Mark _948065 |
|
| 245 | 1 | 0 |
_aLeave the gun, take the cannoli : _bthe epic story of the making of The Godfather / _cMark Seal |
| 260 |
_aNew York : _bGallery Books, _c2025 |
||
| 300 |
_a xi, 442 pages : _billustrations ; _c23 cm |
||
| 520 | _aThe incredible true story of the making of The Godfather-one of America's most popular cinematic masterpieces-featuring interviews with the director, producer, cast, and crew, just in time for the film's fiftieth anniversary | ||
| 942 |
_2lcc _n0 _cBK |
||
| 946 | _icmc | ||
| 999 |
_c126888 _d126888 |
||